| 000 | 01021cam a2200205 4500 | ||
|---|---|---|---|
| 001 | WB3915-27 | ||
| 008 | 030417n2003 000 0 eng u | ||
| 035 | _a(Sirsi) u122037 | ||
| 245 | _aStamp duty land tax set out | ||
| 260 | _c2003 | ||
| 490 |
_aInland Revenue Press Release _v(REV55/03) 16 April 2003 (5) |
||
| 520 | _aThe Inland Revenue has provided a detailed summary of the framework for stamp duty land tax which will be introduced on 1 December 2003 to replace the existing stamp duty regime on UK land and buildings. The framework is set out in full in the Finance Bill 2003 Part 4. The Finance Bill 2003 is available at http://www.parliament.the-stationery-office.co.uk/pa/cm200203/cmbills/094/2003094.htm http://www.gnn.gov.uk/gnn/national.nsf/Daily+News/B4A81AA3B62AAF9180256D0A00486468?opendocument | ||
| 590 | _aWB | ||
| 650 | _aSTAMP DUTY | ||
| 650 | _aFINANCE BILL 2003 | ||
| 650 | _aSTAMP DUTY LAND TAX | ||
| 650 | _aFINANCE ACT 2002 | ||
| 690 | _aTAXATION | ||
| 942 | _n0 | ||
| 999 |
_c72514 _d72514 |
||